000 00848cab a2200241 4500
001 ABS59585
008 090401t1998 xxu||||| |||| 00| 0 eng d
035 _a(Sirsi) u89933
041 _aeng
100 _aAtkinson, J.
245 _aKvaerner reaps rich October harvest
260 _c1998
350 _a0
490 _aContract Journal
_v396(6202) 18 November 1998, 22-23(2)
520 _aReviews the new orders figures; looking at private commercial, private industrial, infrastructure, housing, and other public non-housing orders. Includes a regional comparison, and value of awards over the previous twelve months for each of the top 50 contractors.
650 _aCONSTRUCTION INDUSTRY
650 _aCONTRACTORS
650 _aNEW ORDERS
650 _aRANKING
690 _aBUILT ENVIRONMENT
942 _n0
948 _c25/11/1998
999 _c56942
_d56942